00350nam a22001217a 4500008004100000020001500041082001500056100001900071245006500090260004500155300000900200700001900209230620b xxu||||| |||| 00| 0 eng d a0669001454 a309.1bKRI cIrving Kristol aThe Americans:1976bCritical Choices for Americanscvolume 2 aUSAbThe third century corporationc1976 a370p cPaul H. Weaver